Biochemistry/ (Record no. 759290)

MARC details
000 -LEADER
fixed length control field 00407nam a22001457a 4500
020 ## - INTERNATIONAL STANDARD BOOK NUMBER
ISBN 9788198953803
082 ## - DEWEY DECIMAL CLASSIFICATION NUMBER
Classification number 572 SAT
084 ## - OTHER CLASSIFICATION NUMBER
Source of Number Colon Classification
100 ## - MAIN ENTRY--AUTHOR NAME
Personal name Satyanarayana U
245 ## - TITLE STATEMENT
Title Biochemistry/
Statement of responsibility, etc U Satyanarayana, U Chakrapani
250 ## - EDITION STATEMENT
Edition statement Seventh Edition
260 ## - PUBLICATION, DISTRIBUTION, ETC. (IMPRINT)
Place of publication New Delhi:
Name of publisher CBS Publishers & Distributors Pvt Ltd;
Year of publication 2026.
942 ## - ADDED ENTRY ELEMENTS (KOHA)
Source of classification or shelving scheme Dewey Decimal Classification
Koha item type Book
Holdings
Withdrawn status Lost status Source of classification or shelving scheme Damaged status Not for loan Home Library Current Location Date acquired Full call number Accession Number Price effective from Koha item type
    Dewey Decimal Classification     Dept. of Bio-Technology Dept. of Bio-Technology 06/05/2026 572 SAT BTY3704 06/05/2026 Book